Drivers of the Change in Social Welfare in European Countries

Hnacie sily zmien sociálneho blahobytu v európskych krajinách. Meranie sociálneho blahobytu. Identifikované sú hnacie sily zmien sociálneho blahobytu pre 25 európskych krajín v rokoch 2003-2012 pri použití Malmquistovho indexu produktivity.

Na minha lista:
Detalhes bibliográficos
Autor principal: Luptáčik, Mikuláš
Outros Autores: Nežinský, Eduard, 1972-, Lábaj, Martin, 1982-
Formato: Capítulo de Livro
Idioma:inglês
Assuntos:
Tags: Adicionar Tag
Sem tags, seja o primeiro a adicionar uma tag!

MARC

LEADER 00000naa$a2200000$$$4500
001 0223920
005 20240502083557.4
041 0 |a eng 
044 |a CH 
245 1 0 |a Drivers of the Change in Social Welfare in European Countries  |c Mikuláš Luptáčik, Eduard Nežinský, Martin Lábaj 
520 |a Hnacie sily zmien sociálneho blahobytu v európskych krajinách. Meranie sociálneho blahobytu. Identifikované sú hnacie sily zmien sociálneho blahobytu pre 25 európskych krajín v rokoch 2003-2012 pri použití Malmquistovho indexu produktivity. 
610 2 0 |a blahobyt 
610 2 0 |a meranie 
610 2 0 |a index lepšieho života 
610 2 0 |a produktivita 
610 2 0 |a Európa 
610 2 0 |a technológie nové 
610 2 0 |a ochrana prostredia životného 
100 1 |a Luptáčik, Mikuláš 
700 1 |a Nežinský, Eduard, 1972- 
700 1 |a Lábaj, Martin, 1982-